000 00348nam a2200133Ia 4500
008 240624s9999 xx 000 0 und d
041 _aeng
082 _a658.403 WAT
100 _aWATKINSON MATT
245 _aGRID THE DECISION MAKING TOOL FOR EVERY
260 _c2017
_aNew Delhi
_bRandom House
300 _axx, 327 p.; 23 cm.
365 _cRS
_b30
999 _c29803
_d29803